000 00637nam a22001937a 4500
005 20251108165356.0
008 250721s1995 xx 000 0 ara d
082 1 4 _a962/فار
100 1 _aفارمان، ألبرت
245 1 0 _aمصر و كيف غدر بها /
246 1 1 _aEgypt and its betryal
264 1 _aالقاهرة :
_bالزهراء للإعلام العربي - قسم النشر،
_c1995.
300 _a368ص
650 1 7 _aتاريخ مصر
700 1 _aعنايت، عبد الفتاح
_eترجمة
700 1 _aعنايت، إبتسام عبد الفتاح
_eتحقيق
942 _2ddc
_cBK
999 _c26394
_d26394